000 00342nam a2200145Ia 4500
100 _aRender/Barry/ Stair/Ralph M
250 _a8
942 _cBK
654 _aquantitative analysis
245 _aQuantitative analysis for management
260 _bPearson Education
_c2000
082 _a658.4033
_bREN
300 _a726
546 _aENGLISH
999 _c33058
_d33058